000 00817cam a22002533a 4500
001 29723
003 PGUSA
005 20140828083637.0
008 090818s2009||||xxu|||||s|||||000 | eng d
040 _aPGUSA
_beng
042 _adc
050 4 _aF1401
100 1 _aSalisbury, Stephen,
_d1835-1905
245 1 4 _aThe Mayas, the Sources of Their History :
_bDr. Le Plongeon in Yucatan, His Account of Discoveries
_h[electronic resource] /
_cStephen Salisbury
260 _bProject Gutenberg,
_c2009
506 _aPublic domain in the USA.
516 _aElectronic text
653 _aYucatán (Mexico : State) -- Antiquities
653 _aMayas -- History
700 1 _aLe Plongeon, Augustus,
_d1826-1908
830 0 _aProject Gutenberg
_v29723
856 4 0 _uhttp://www.gutenberg.org/ebooks/29723
942 _cEB
999 _c258978
_d258978